header

Pc Hardware: The Complete Reference. (Record no. 253068)

MARC details
000 -LEADER
fixed length control field 00351nam a22001217a 4500
008 - FIXED-LENGTH DATA ELEMENTS--GENERAL INFORMATION
fixed length control field 160331b xxu||||| |||| 00| 0 eng d
020 ## - INTERNATIONAL STANDARD BOOK NUMBER
International Standard Book Number 0070436061
050 ## - LIBRARY OF CONGRESS CALL NUMBER
Classification number TK7887.Z33 2001
100 ## - MAIN ENTRY--PERSONAL NAME
Personal name Craig Zacker John Rourke
245 ## - TITLE STATEMENT
Title Pc Hardware: The Complete Reference.
250 ## - EDITION STATEMENT
Edition statement 1st Edn.
260 ## - PUBLICATION, DISTRIBUTION, ETC. (IMPRINT)
Date of publication, distribution, etc 2001
Place of publication, distribution, etc India
Name of publisher, distributor, etc Mc Graw Hill India; First Edition
Holdings
Withdrawn status Lost status Source of classification or shelving scheme Damaged status Koha normalized classification for sorting Not for loan Location (home branch) Sublocation or collection (holding branch) Shelving location Date acquired Koha issues (times borrowed) Koha full call number Piece designation (barcode) Koha date last seen Koha date last borrowed Price effective from Koha item type
    Library of Congress Classification   TK7887 Z332001   Rongo University Library Rongo University Library General Stacks 31/03/2016 2 TK7887.Z332001 20087616 10/10/2017 26/09/2016 31/03/2016 Long Loan Books

© 2026 Rongo University
Contact us: librarian | system librarian | Rongo university